000 01180nam a2200277Ia 4500
003 OSt
005 20220930190030.0
006 a|||||r|||| 00| 0
007 ta
008 220926b |||||||| |||| 00| 0 hin d
020 _a9788126023486 (HBK)
_c160
024 _a1162
037 _bB282/08, 24/01/2009, Bharat Pustak Bhandar
_cTextbook
040 _aCRL
_cCRL
_bhin
041 _2hin
_ahin
082 _aO33,3N42,IS, 152P8
100 _aएम. मुकुंदन
245 0 _aईश्वर की शरारतें
246 _aPrāchīn bhārat kī arthavyavasthā: sabhyatā ke prārambha se 1200 ī. Taka
260 _aनई दिल्ली,
_bसाहित्य अकादमी, भारत
_c2008
300 _a298पृ0
_ccm.
490 _aसाहित्य अकादमी द्वारा पुरस्कृत मलयालम उपन्यास
700 _a मोहनन, वी. टी. वी.
942 _hO33,3N42,IS, 152P8
_cTB
_2CC
999 _c891487
_d891487